| 000 | 00663nam a2200217Ia 4500 | ||
|---|---|---|---|
| 003 | GCL | ||
| 008 | 140319s9999 xx 000 0 ara d | ||
| 040 |
_aGCL / _cGCL |
||
| 082 | 0 | 4 |
_a813.009 _bغ ب |
| 100 | 1 | _aمحمد سبيلا (ترجمة) | |
| 245 | 1 | 0 |
_aالبنيوية التكوينية والنقد الادبى / _cمحمد سبيلا (ترجمة) |
| 700 | 1 | _aغولدمان، لوسيان | |
| 700 | 1 | _aباسكاوى، بون | |
| 700 | 1 | _aلينهارت، جاك | |
| 700 | 1 | _aدوبوا، جاك | |
| 490 | _a | ||
| 650 | 0 | 4 | _aالادب العربى |
| 650 | 0 | 4 | _aالنقد الادبى |
| 650 | 0 | 4 | _aالبنيوية |
| 942 |
_2ddc _cBK |
||
| 999 |
_c40113 _d40113 |
||